Statistics for Guess these random Kpop idols #4

Click here to take the quiz!

General Stats

  • This quiz has been taken 80 times
  • The average score is 9 of 17

Answer Stats

Answer% Correct
Jake - Enhypen
92%
Ryujin - Itzy
92%
Soyeon - Gidle
84%
San - Ateez
79%
Scoups - Seventeen
73%
Jun - Seventeen
63%
D.O. - Exo
54%
Doyoung - NCT127
54%
Haewon - Nmixx
54%
Rei - IVE
54%
Sieun - Stayc
40%
Xiaojun - Wayv
40%
Siyeon - Dreamcatcher
24%
Yeseo - Kep1er
22%
Bomin - Golden Child
14%
Ireh - Purple Kiss
14%
Seoyeon - Fromis_9
13%

Score Distribution

Percentile by Number Answered

Percent of People with Each Score

Your Score History

You have not taken this quiz